Sędziowie TK - Statystyki

Ogólne statystyki
  • Ten quiz został rozwiązany 10 razy
  • Średni wynik to 3 z 9
Statystyki odpowiedzi
Hint Odpowiedź % Poprawnych
Prezes TK Bogdan Święczkowski
100%
Członek TK Stanisław Piotrowicz
60%
Członek TK Rafał Wojciechowski
40%
Członek TK Andrzej Zielonacki
20%
Wiceprezes TK Bartłomiej Sochański
20%
Członek TK Jakub Stelina
20%
Członek TK Jarosław Wyrembak
20%
Członek TK Justyn Piskorski
20%
Członek TK Wojciech Sych
20%
Nie znaleziono quizów pasujących do podanych kryteriów
Rozkład punktacji
Procent ludzi z każdym wynikiem
Percentyl według liczby udzielonych odpowiedzi
Twoja historia wyników
Nie rozwiązałeś tego quizu